Statistiques concernant Paroles - Mon frère - Maxime Le Forestier

Cliquez ici pour prendre le quiz!

Statistiques générales

  • Ce quiz a été pris 245 fois
    (238 depuis la dernière actualisation)
  • Le résultat moyen est 177 sur 224

Statistiques - réponses

Réponse% Correct
frère
99%
je
99%
Je
99%
le
99%
jamais
98%
n'ai
98%
que
98%
Toi
98%
Tu
98%
tu
98%
A
97%
à
97%
eu
97%
Ce
96%
ce
96%
ma
96%
me
96%
en
95%
la
95%
95%
mon
95%
ne
94%
94%
nous
94%
se
94%
par
93%
De
92%
de
92%
fait
92%
qui
92%
aurions
91%
Ensemble
91%
ensemble
91%
mère
90%
moi,
90%
père
90%
un
90%
Un
90%
on
89%
On
89%
si
89%
Si
89%
et
88%
faute ?
88%
faute
88%
Pas
88%
pas
88%
serais
88%
an
86%
après
86%
aurait
86%
école
86%
Mais
86%
avais
85%
bu
85%
n'es
85%
vécu
85%
pu
83%
ton
83%
aurais
82%
appris
81%
coeur
81%
serait
81%
cela
80%
été
79%
buissonière
78%
J'aurais
78%
les
78%
Les
78%
plus
78%
pour
78%
Pour
78%
professeur
78%
deux
77%
quitté
77%
chanter
74%
même
74%
Sais-tu
74%
Comme
73%
Alors
72%
j'ai
72%
amis
71%
ressemblent
71%
vie
71%
savais
69%
l'argot
67%
battu
65%
mes
65%
t'aurais
65%
Sûr
64%
jour
63%
n'se
63%
une
63%
claques
60%
connu
60%
première
59%
Elle
58%
n'aurais
58%
paires
58%
peu
58%
faire
56%
m'avais
55%
qu'un
55%
partagé
54%
divisé
53%
tout
53%
faux
52%
gants,
52%
suis
52%
ait
51%
comportée
51%
mieux
51%
chansons
50%
s'était
50%
solitaire
50%
s'rait
50%
t'avoir
50%
bond
47%
qu'alors
45%
quand
45%
seul
45%
vous
44%
coups
42%
famille
42%
instant,
42%
fabrique
40%
fini
40%
pardonnes
40%
t'ai
40%
chagrins
38%
filles
38%
sûrement
38%
abandonne
37%
moins
37%
matraque
35%
dérangé,
32%
d'amour
30%
Ici
30%
mots
28%
pavés
24%

Distribution des résultats

Percentile par nombre de réponses

% des personnes avec chaque résultat

Votre développement - résultats

Vous n’avez pas pris ce quiz depuis la dernière actualisation